00356pab a2200133 454500008004000000100002000040245006300060260000900123300001200132362001200144650002700156650001900183773002000202180718b2006 xxu||||| |||| 00| 0 eng d aKanwal, Gurmeet aCoercive force and national security in the Indian context c2006 ap.1-20. aJan-Mar aState security - India aState security aIndia Quarterly